| 000 | 00547nam a22001817a 4500 | ||
|---|---|---|---|
| 005 | 20180523115507.0 | ||
| 010 | _aENG-123081 | ||
| 020 |
_c399.00 _a9789386702371 |
||
| 035 | _aEN-106613 | ||
| 037 | _aDBAD/PUB. | ||
| 082 | _a881 | ||
| 100 | _aShetty, Manohar | ||
| 245 |
_aFull disclosure : _cby Manohar Shetty _bnew and collected poems (1981-2017) |
||
| 260 |
_aNew Delhi _bSpeaking Tiger _c2017 |
||
| 270 |
_a4381/4, Ansari Road, Daryaganj _bNew Delhi _e110002 |
||
| 300 |
_a281p. _b21cm(pbk) |
||
| 942 |
_2ddc _cEN _h881 _mSHE |
||
| 999 |
_c152219 _d152219 |
||